000 01757 am a2200541 a 4500
005 20240625082516.0
008 100624s2005||||mx a f |||| 001 0 spa d
020 _a9706864253
041 _aspa
092 _c530
_l78
_sSER
100 1 _aSerway, Raymond A.
_91154
245 _aFísica para Ciencia e Ingeniería.
_bT.2 /
_cRaymond A. Serway
250 _a6a ed.
_bTraducción Jorge Humberto Romo.
260 _aMéxico:
_bThompson;
_c2005.
300 _a848 p.
500 _aSerway, R. A. y Jewett, J. W. (2005). Física para Ciencia e Ingeniería. T.2 (6a ed.). México : Thompson.
653 _aCampos eléctricos
653 _aLey de gauss
653 _aPotencial eléctrico
653 _aCapacitancia y los materiales dieléctricos
653 _aCorriente y resistencia
653 _aCircuitos de corriente directa
653 _aCampos magnéticos
653 _aFuentes del campo magnético
653 _aLey de Faraday
653 _aInductancia
653 _aCircuitos de corriente alterna
653 _aOndas electromagnéticas
653 _aNaturaleza de la luz y leyes de óptica geométrica
653 _aFormación de imágenes
653 _aInterferencia de ondas de luz
653 _aPatrones de difracción y polarización
653 _aRelatividad
653 _aIntroducción a la física cuántica
653 _aMecánica cuántica
653 _aFísica atómica
653 _aMoléculas y sólidos
653 _aEstructura nuclear
653 _aAplicaciones de física nuclear
653 _aFísica y cosmología de las partículas
700 1 _aJewett, John W.
_91155
930 _a1502
930 _a1503
930 _a1504
930 _a1505
930 _a1506
942 _2ddc
_cBK
999 _c424
_d424